| 000 | 01010cam a22003137a 4500 | ||
|---|---|---|---|
| 003 | CHAP | ||
| 005 | 20220329143022.0 | ||
| 008 | 050822d2003 mx r 00110 spa d | ||
| 010 | _a90748 | ||
| 011 | _a91720 | ||
| 020 | _a9685897001 | ||
| 035 | _a102283 | ||
| 040 | _cCHAP | ||
| 082 | 0 | 4 |
_a070 _bH8 |
| 100 | 0 | 0 |
_aMusacchio, Humberto. _979857 |
| 245 | 1 | 0 |
_aHistoria gráfica del periodismo mexicano _c/por Humberto Musacchio |
| 260 |
_aMéxico, D. F. : _bGráfica, creatividad y diseño, S.A. , _c2003. |
||
| 300 |
_a203 p. : _bilus. |
||
| 590 |
_aBATCH-UPD _b10 _c20130110 _lUCH01 _h0647 |
||
| 590 |
_aBATCH-UPD _b10 _c20130410 _lUCH01 _h0331 |
||
| 590 |
_aBATCH-UPD _b10 _c20130914 _lUCH01 _h1835 |
||
| 590 |
_aCONVERSION _b10 _c20130109 _lUCH01 _h1350 |
||
| 650 | 1 | 4 |
_aPeriodismo _xHistoria _xMéxico. _987176 |
| 901 | _aBK | ||
| 905 | _aLilia | ||
| 942 | _cLIBRO | ||
| 949 |
_a070 M8 _bBC _cC _d33724000976585 _eC _gD _h106556 _i102283 _sb |
||
| 949 |
_a070 M8 _bBC _cC _d33724000976593 _eC _fc.2 _gD _h106557 _i102283 _sb |
||
| 999 |
_c90748 _d90748 |
||